Solid oxide fuel cell technology : (Record no. 355188)
[ view plain ]
| 000 -LEADER | |
|---|---|
| fixed length control field | 02175nam a2200277 a 4500 |
| 001 - CONTROL NUMBER | |
| control field | ASIN1439813361 |
| 003 - CONTROL NUMBER IDENTIFIER | |
| control field | Nust- CAS-E |
| 005 - DATE AND TIME OF LATEST TRANSACTION | |
| control field | 20180118181352.0 |
| 008 - FIXED-LENGTH DATA ELEMENTS--GENERAL INFORMATION | |
| fixed length control field | 140203s2009 xxu eng d |
| 020 ## - INTERNATIONAL STANDARD BOOK NUMBER | |
| International Standard Book Number | 1439813361 (hardcover) |
| Terms of availability | $209.95 |
| 020 ## - INTERNATIONAL STANDARD BOOK NUMBER | |
| International Standard Book Number | 9781439813362 |
| 040 ## - CATALOGING SOURCE | |
| Transcribing agency | 0 |
| 050 04 - LIBRARY OF CONGRESS CALL NUMBER | |
| Classification number | TK2931 |
| 082 04 - DEWEY DECIMAL CLASSIFICATION NUMBER | |
| Classification number | 621.3124 |
| Edition number | 23 |
| Author Mark | HUA 2009 |
| 100 ## - MAIN ENTRY--PERSONAL NAME | |
| Relator code | Huang,Kevin |
| 245 10 - TITLE STATEMENT | |
| Title | Solid oxide fuel cell technology : |
| Remainder of title | principles, performance and operations / |
| Statement of responsibility, etc. | K. Huang, J.B. Goodenough. |
| 250 ## - EDITION STATEMENT | |
| Edition statement | 1st ed. |
| 260 ## - PUBLICATION, DISTRIBUTION, ETC. | |
| Place of publication, distribution, etc. | [S.l.] : |
| Name of publisher, distributor, etc. | CRC Press, |
| Date of publication, distribution, etc. | 2009. |
| 300 ## - PHYSICAL DESCRIPTION | |
| Extent | 340 p. ; |
| Dimensions | 24 cm. |
| 520 ## - SUMMARY, ETC. | |
| Summary, etc. | High temperature solid oxide fuel cell (SOFC) technology is a promising power generation option that features high electrical efficiency and low emissions of environmentally polluting gases, such as CO2, Nox, and Sox. The technology is ideal for distributed stationary power generation applications where both high efficiency electricity and high quality heat are in strong demand. For the past few decades, SOFC technology has attracted intense worldwide R&D effort and, along with polymer electrolyte membrane fuel cell (PEMFC) technology, has undergone extensive commercialization development. This systematic, in-depth book provides comprehensive theoretical analysis and innovative characterization techniques for SOFC technology. It first deals with the basics and development of SOFC technology, from cell materials to fundamental thermodynamics, electronic properties of solids, and charged particle transport. Coverage includes a thorough analysis of such operational features as current flow and energy balance as well as voltage losses and electrical efficiency. Chapters on performance characterization, fuel processing, and electrode poisoning cover the important issues of fuel cell stability and durability. The text concludes with a review for SOFC materials and fabrication techniques.http://chopac.org/tools/azn2marc.user.js |
| 650 #0 - SUBJECT ADDED ENTRY--TOPICAL TERM | |
| Topical term or geographic name entry element | Solid oxide fuel cells |
| 700 1# - ADDED ENTRY--PERSONAL NAME | |
| Personal name | Goodenough, J.B. |
| 700 1# - ADDED ENTRY--PERSONAL NAME | |
| Personal name | Huang, K. |
| 856 40 - ELECTRONIC LOCATION AND ACCESS | |
| Materials specified | Amazon.com |
| Uniform Resource Identifier | <a href="http://www.amazon.com/exec/obidos/ASIN/1439813361/chopaconline-20">http://www.amazon.com/exec/obidos/ASIN/1439813361/chopaconline-20</a> |
| 942 ## - ADDED ENTRY ELEMENTS (KOHA) | |
| Source of classification or shelving scheme | |
| Koha item type | Book |
| Withdrawn status | Lost status | Source of classification or shelving scheme | Damaged status | Not for loan | Permanent Location | Current Location | Shelving location | Date acquired | Source of acquisition | Total Checkouts | Full call number | Barcode | Date last seen | Copy number | Cost, replacement price | Price effective from | Koha item type |
|---|---|---|---|---|---|---|---|---|---|---|---|---|---|---|---|---|---|
| US-Pakistan Center for Advanced Studies in Energy (USPCAS-E) | US-Pakistan Center for Advanced Studies in Energy (USPCAS-E) | General Stacks | 04/09/2013 | Victoria co | 621.3124 HUA 2009 | CAS-E0000017 | 02/03/2014 | 01 | 23024.00 | 02/03/2014 | Book | ||||||
| US-Pakistan Center for Advanced Studies in Energy (USPCAS-E) | US-Pakistan Center for Advanced Studies in Energy (USPCAS-E) | General Stacks | 04/09/2013 | Victoria co | 621.3124 HUA 2009 | CAS-E0000018 | 02/03/2014 | 02 | 23024.00 | 02/03/2014 | Book |
